000
00248nam a2200097Ia 4500
001
1229060
005
20250827093054.0
008
250824s9999 xx 000 0 und d
245
0
_a
HUZURSUZ ADAM
_c
HENNİNG MANKELL
260
_b
ALTIN KİTAP YAYINLARI
999
_c
1229060
_d
1229060